How big is your house? (Record no. 107419)
[ view plain ]
| 000 -LEADER | |
|---|---|
| fixed length control field | 01345cad a22002175a 4500 |
| 001 - CONTROL NUMBER | |
| control field | L140101 |
| 008 - FIXED-LENGTH DATA ELEMENTS--GENERAL INFORMATION | |
| fixed length control field | 070904e20070830xxko f 000 0 eng d |
| 035 ## - SYSTEM CONTROL NUMBER | |
| System control number | (Sirsi) u140101 |
| 041 0# - LANGUAGE CODE | |
| Language code of text/sound track or separate title | eng |
| 050 04 - LIBRARY OF CONGRESS CALL NUMBER | |
| Classification number | 692.3094 $2 18 |
| 100 1# - MAIN ENTRY--PERSONAL NAME | |
| Personal name | Kippes, Stephan |
| 245 00 - TITLE STATEMENT | |
| Title | How big is your house? |
| Remainder of title | problems with the calculation of floor space |
| Medium | [electronic resource] |
| 260 ## - PUBLICATION, DISTRIBUTION, ETC. | |
| Place of publication, distribution, etc. | London |
| Name of publisher, distributor, etc. | RICS |
| Date of publication, distribution, etc. | 2007 |
| 490 #0 - SERIES STATEMENT | |
| Series statement | RICS Findings in Built and Rural Environments |
| Volume/sequential designation | August 2007 |
| 520 ## - SUMMARY, ETC. | |
| Summary, etc. | Addresses issues relating to the calculation of floor space in residential properties. This is a key determinant of overall cost. However in most of Germany there is no legislation defining how floor measurements should be made. Compounding this, the two standards in use are either officially abandoned or widely seen as unsuitable for residential properties. Presents an empirical analysis of the problems with particular reference to examples in Munich. Finds that the methods of measurement in use are difficult for experts and incomprehensible for buyers and that figures yielded by the calculations are often misleading. |
| 590 ## - LOCAL NOTE (RLIN) | |
| Local note | KA |
| 651 #4 - SUBJECT ADDED ENTRY--GEOGRAPHIC NAME | |
| Geographic name | Deutschland = Germany |
| Chronological subdivision | 1990- |
| 690 ## - LOCAL SUBJECT ADDED ENTRY--TOPICAL TERM (OCLC, RLIN) | |
| Topical term or geographic name as entry element | Residential property |
| 9 (RLIN) | 6266 |
| 856 48 - ELECTRONIC LOCATION AND ACCESS | |
| Uniform Resource Identifier | <a href="https://www.rics.org/site/scripts/download_info.aspx?downloadID=3106">https://www.rics.org/site/scripts/download_info.aspx?downloadID=3106</a> |
| Public note | Broken link - not available |
| 942 ## - ADDED ENTRY ELEMENTS (KOHA) | |
| Suppress in OPAC | 0 |
| Withdrawn status | Lost status | Source of classification or shelving scheme | Damaged status | Not for loan | Home library | Current library | Shelving location | Date acquired | Total Checkouts | Full call number | Barcode | Date last seen | Copy number | Price effective from | Koha item type |
|---|---|---|---|---|---|---|---|---|---|---|---|---|---|---|---|
| Dewey Decimal Classification | Virtual | Virtual | Online | 04/09/2007 | ONLINE PUBLICATION | 140101-1001 | 06/08/2019 | 1 | 06/08/2019 | Book |